Sports Quiz

Random Sports or Letter Quiz

MLB Teams by Name Length Quiz Stats

 Plays Quiz Updated Nov 27, 2018

Also try: MLB R-less Teams
Challenge
Share
Tweet
Embed
Score 0/30 Timer 03:00
1 Play Today
Starting Letter MLB Team % Correct
CCubs
96.6%
MMets
95.9%
RReds
90.6%
RRays
85.5%
AAngels
77.7%
RRed Sox
76.5%
YYankees
75.6%
DDiamondbacks
72.9%
GGiants
72.7%
OOrioles
70.2%
TTwins
67.5%
AAstros
66.8%
PPirates
66%
IIndians
65.1%
BBraves
64.8%
Starting Letter MLB Team % Correct
PPadres
64.5%
WWhite Sox
60.3%
NNationals
60.2%
RRangers
59.7%
TTigers
59%
MMariners
58.4%
PPhillies
56.8%
MMarlins
55.8%
RRoyals
55.4%
AAthletics
55.3%
CCardinals
54.3%
DDodgers
52.5%
BBrewers
51%
BBlue Jays
47.9%
RRockies
46.2%

You're not logged in!

Compare scores with friends on all Sporcle quizzes.
OR
Log In

You Might Also Like...

Show Comments

Extras

Top Quizzes Today


Score Distribution

Your Account Isn't Verified!

In order to create a playlist on Sporcle, you need to verify the email address you used during registration. Go to your Sporcle Settings to finish the process.

Report this User

Report this user for behavior that violates our Community Guidelines.

Details: